000 00451nam a2200193Ia 4500
005 20250425160819.0
008 250425s9999 xx 000 0 und d
041 _aeng
082 _a621.384135
100 _aJASIK, HENRY
245 0 _aANTENNA ENGINEERING HANDBOOK
250 _a1ST ED.
260 _aEstados Unidos
_bMCGRAW-HILL
_c1961
260 _aNEW YORK
650 _aANTENAS
650 _aELECTRONICA
942 _c01
010 _a5910
999 _c196669
_d196669